Регионална библиотека "Любен Каравелов" - Русе

Concertino Es-Dur (Запис номер 313317)

MARC детайли
000 -Лидер
Контролно поле с фиксирана дължина 01283ncm a2200337 c 4500
003 - Код на организацията, давaща контролен номер
Контролно поле BLK
005 - Дата и час на последна редакция
Контролно поле 20241023005402.0
008 - Елементи от данни с фиксирана дължина
fixed length control field 180414b bul |a|er|||| |0| c|bulo|
010 ## - Наследен системен номер
LC control number NOT00002809000
040 ## - Източник на каталожния запис
Идентификатор на билиотеката - собственик на записа BLK
041 ## - Код за език
Код за езика на текст/звукозапис или на отделно заглавие Немски
Код за езика КДБФ Немски
080 ## - УДК
Текстов определител УДК Кларинет, баскларинет, басетхорн. Сонати
УДК код - определител по УДК 788.6.082.2
УДК определител
УДК - код + определител 788.6.082.2
080 ## - УДК
Текстов определител УДК Дуо кларинет и пиано
УДК код - определител по УДК 785.72:788.6:786.2
УДК определител
УДК - код + определител 785.72:788.6:786.2
100 ## - Редна дума - Автор
Автор Вебер, Карл Мария фон
R(LIN) 276870
139 ## - Редно поле
Редна дума Вебер, Карл Мария фон
Авторски знак Веб - В 34
245 10 - Сведения за заглавието
Заглавие Concertino Es-Dur
Подзаглавни данни Fur klarinette und orchester : Ausgabe fur Klarinette und Klavier
Редно поле (дума) * Carl Maria von Weber; Карл Мария фон Вебер.
Версия Op. 26
257 ## - Страна на издаване
Страна на създаване/издаване Германия
260 ## - Област на издателските данни
-- Leipzig
Име на издателя, разпространителя и проч. Breitkopf 1585
Година на издаване S. a.
300 ## - Физическа характеристика
Страници 11 с.
Размери/Мащаб 30 см
Съпровождащи материали 4 с. щим
380 ## - Жанр
Жанр Изкуство
650 #4 - Допълнително описание по предмет – тема
Основно описание – тема или топоним Кларинет - концерти, концертини
9 (RLIN) 353187
653 ## - Ключова дума – ненормативна
Ключова дума кларинети
653 ## - Ключова дума – ненормативна
Ключова дума концертини
700 ## - Други автори (авторска отговорност)
Лично име Weber, Carl Maria von
9 (RLIN) 387499
852 ## - Местоположение
Форматна сигнатура Цб М ІІ 4145
Част 0
856 4# - Електронен адрес и достъп
Електронен формат pdf - файл
Път до файла /url/
856 4# - Електронен адрес и достъп
Електронен формат pdf - файл
Път до файла /url/
942 ## - АРТИКУЛИ
Вид на библиотечния материал Нотни издания
Скрит в OPAC Не
944 ## - СЪЗДАВАНЕ И РЕДАКЦИЯ на ЗАПИСА
Създаване/Редакция Създаване
Дата на регистрацията/редакция 08.07.2008
Служител, извършил регистрацията/редакцията
Статус, дата на статуса CRON CRON
944 ## - СЪЗДАВАНЕ И РЕДАКЦИЯ на ЗАПИСА
Създаване/Редакция Редакция
Дата на регистрацията/редакция 08.07.2008
Служител, извършил регистрацията/редакцията
999 ## - СИСТЕМНИ КОНТРОЛНИ НОМЕРА
Koha biblionumber 313317
Koha biblioitemnumber 313317
Наличности
Код за отписване Код за изгубен артикул Източник на класификационната схема Код за повреда Коз за рестрикции Код за отдаване Артикулен № Име на библиотеката - собственик Име на библиотеката, в която се намира в момента Статус (Текущо местоположение) Дата на вписване в системата Местоположение - отдел Цена в лева Инвентарен номер Систематично азбучна сигнатура Баркод Номер на екземпляра Цена в евро Служебна бележка Служебен тип на артикула
  Не е изгубен Universal Decimal Classification Не е повреден без рестрикции заемане за дома 665943 Регионална библиотека "Любен Каравелов" Русе Регионална библиотека "Любен Каравелов" Русе Отдел Изкуство - подръчен фонд 2008-07-08 Отдел Изкуство - подръчен фонд 2.00 170000003748 788/В 43 К 170000003748 1 1.02 Дост: DA Вид: А N: 11 Дата: 04.07.2008 Нотни издания
  Не е изгубен Universal Decimal Classification Не е повреден само за читалня ползва се в читалня 665944 Регионална библиотека "Любен Каравелов" Русе Регионална библиотека "Любен Каравелов" Русе Хранилище 2008-07-08 Хранилище 2.00 170000003749 Цб М ІІ 4145 170000003749 2 1.02 Дост: DA Вид: А N: 11 Дата: 04.07.2008 Нотни издания
  Не е изгубен Universal Decimal Classification Не е повреден без рестрикции заемане за дома 665945 Регионална библиотека "Любен Каравелов" Русе Регионална библиотека "Любен Каравелов" Русе Отдел Изкуство - подръчен фонд 1964-01-01 Отдел Изкуство - подръчен фонд 0.49 9976/64 788/В 43 К 900000001585 3 0.25 N: стар фонд Дата: 01.01.1964 Бележки инв: Ирена_Линк Съставил: Ирена_Линкова Нотни издания
Vip Innovations Ltd, Rousse, Bulgaria 2025